Siapakah Aminuddin Baki : (Record no. 155829)

MARC details
000 -LEADER
fixed length control field 00623nam a2200217 i 4500
001 - CONTROL NUMBER
control field C2-0179722
003 - CONTROL NUMBER IDENTIFIER
control field PPAK
005 - DATE AND TIME OF LATEST TRANSACTION
control field 20180728095139.0
008 - FIXED-LENGTH DATA ELEMENTS--GENERAL INFORMATION
fixed length control field 981024s1989 my |||| ||||| | may d
040 ## - CATALOGING SOURCE
Original cataloging agency PPAK
Language of cataloging eng
Transcribing agency PPAK
Description conventions rda
082 04 - DEWEY DECIMAL CLASSIFICATION NUMBER
Classification number 923.7595
Edition number 23
090 00 - LOCALLY ASSIGNED LC-TYPE CALL NUMBER (OCLC); LOCAL CALL NUMBER (RLIN)
Classification number (OCLC) (R) ; Classification number, CALL (RLIN) (NR) 923.7595
Feature heading SIA
Feature heading KIH
Classification number (OCLC) (R) ; Classification number, CALL (RLIN) (NR) 923.7595
Feature heading SIA
Feature heading KSI
245 00 - TITLE STATEMENT
Title Siapakah Aminuddin Baki :
Remainder of title renungan
264 #1 - PRODUCTION, PUBLICATION, DISTRIBUTION, MANUFACTURE, AND COPYRIGHT NOTICE
Place of production, publication, distribution, manufacture Genting Highlands, Pahang Darul Makmur :
Name of producer, publisher, distributor, manufacturer Institut Aminuddin Baki ,
Date of production, publication, distribution, manufacture, or copyright notice 1989
300 ## - PHYSICAL DESCRIPTION
Extent 24 pages ;
Dimensions 21 cm
336 ## - CONTENT TYPE
Source rdacontent
Content type term text
337 ## - MEDIA TYPE
Source rdamedia
Media type term unmediated
338 ## - CARRIER TYPE
Source rdacarrier
Carrier type term volume
942 ## - ADDED ENTRY ELEMENTS (KOHA)
-- dc
Koha item type Book
Holdings
Withdrawn Not for loan Current library Shelving location Date acquired Full call number Barcode Date last seen Koha item type
  Not For Loan Perpustakaan Alor Setar Koleksi Ismail Hussein 24/10/1998 KIH 923.7595 SIA A00178341 01/06/2018 Book
  Not For Loan Perpustakaan Baling Koleksi Salleh Ibrahim 02/11/2000 KSI 923.7595 SIA A00210759 01/06/2018 Book